000 00645nam a2200277Ia 4500
005 20260324150256.0
008 008 260324s9999 xx 000 0 eng d
020 _a9780203138557
037 _aEBOOK
040 _aCRL
040 _beng
040 _cCRL
041 _2eng
041 _aeng
084 _qCRL
100 _aPaul Hirst; R S Peters
_91225870
245 4 _aThe Logic of Education (RLE Edu K)
260 _bTaylor and Francis
260 _c1970
365 _a
365 _b220
856 _uhttp://www.taylorfrancis.com/books/9780203138557
942 _cEBOOK
999 _c1835029
_d1835029